[Event "Titled Tuesday intern op 17th May Early"]
[Site "Chess.com INT"]
[Date "2022.05.17"]
[Round "2"]
[White "Odegov, Artem"]
[Black "Kim, Yoon Young"]
[Result "0-1"]
[WhiteElo "2286"]
[BlackElo "2315"]
[PlyCount "85"]
[EventDate "2022.05.17"]
[EventType "swiss (blitz)"]
[EventRounds "11"]
[EventCountry "USA"]
[SourceTitle "CBM 208 Extra"]
[Source "ChessBase"]
[SourceDate "2022.07.31"]
[SourceVersion "1"]
[SourceVersionDate "2022.07.31"]
[SourceQuality "1"]

1. d4 d5 2. c4 c6 3. Nf3 Nf6 4. Nc3 e6 5. Bg5 dxc4 6. e4 b5 7. Be2 h6 8. Bh4 Qb6 9. 0-0 Nbd7 10. Qc2 Bb7 11. Rad1 a6 12. Rfe1 c5 13. d5 e5 14. a4 Bd6 15. axb5 axb5 16. b3 b4 17. Na4 Rxa4 18. bxa4 c3 19. Bb5 g5 20. Bg3 Ke7 21. h4 g4 22. Nh2 Ba6 23. Qd3 Bxb5 24. axb5 Rb8 25. Nf1 Qxb5 26. Qc2 c4 27. Ne3 Nc5 28. Nf5+ Kd7 29. Ra1 Rb7 30. Ra8 Nd3 31. Re2 b3 32. Qxc3 b2 33. Rxb2 Qxb2 34. Qxb2 Nxb2 35. Nxd6 Kxd6 36. Ra6+ Ke7 37. Bxe5 Nxe4 38. Rxh6 Nd3 39. d6+ Kd7 40. Bg7 Rb1+ 41. Kh2 g3+ 42. fxg3 Ndf2 43. Re6 0-1

[Event "Titled Tuesday intern op 08th Mar Early"]
[Site "Chess.com INT"]
[Date "2022.03.08"]
[Round "3"]
[White "Kim, Yoon Young"]
[Black "Jaskolka, Tomasz"]
[Result "1-0"]
[WhiteElo "2315"]
[BlackElo "2213"]
[PlyCount "81"]
[EventDate "2022.03.08"]
[EventType "swiss (blitz)"]
[EventRounds "11"]
[EventCountry "USA"]
[SourceTitle "CBM 207 Extra"]
[Source "ChessBase"]
[SourceDate "2022.05.31"]
[SourceVersion "1"]
[SourceVersionDate "2022.05.31"]
[SourceQuality "1"]

1. Nf3 c5 2. c4 Nc6 3. Nc3 d6 4. e3 g6 5. d4 cxd4 6. exd4 Bg7 7. d5 Ne5 8. Nxe5 Bxe5 9. Bd3 Bg7 10. 0-0 Nf6 11. Re1 0-0 12. Bg5 Re8 13. Qd2 Ng4 14. Rac1 Ne5 15. Bf1 Bf5 16. h3 h5 17. Ne4 Bxe4 18. Rxe4 Rc8 19. b3 Qd7 20. f4 Qf5 21. fxe5 Qxe4 22. Re1 Qf5 23. Bd3 Qd7 24. e6 fxe6 25. Rxe6 Qc7 26. Bxg6 Rf8 27. Rxe7 Qb6+ 28. Be3 Qd8 29. Re6 Rf6 30. Bg5 Qb6+ 31. Be3 Qd8 32. Bg5 Qb6+ 33. Kh2 Rxe6 34. dxe6 Be5+ 35. Bf4 Qc5 36. e7 Qc6 37. Bxe5 dxe5 38. Qd5+ Qxd5 39. cxd5 e4 40. d6 e3 41. d7 1-0

[Event "Titled Tuesday intern op 08th Mar Early"]
[Site "Chess.com INT"]
[Date "2022.03.08"]
[Round "4"]
[White "Kim, Yoon Young"]
[Black "Suarez Uriel, Adrian"]
[Result "1-0"]
[WhiteElo "2315"]
[BlackElo "2359"]
[PlyCount "87"]
[EventDate "2022.03.08"]
[EventType "swiss (blitz)"]
[EventRounds "11"]
[EventCountry "USA"]
[SourceTitle "CBM 207 Extra"]
[Source "ChessBase"]
[SourceDate "2022.05.31"]
[SourceVersion "1"]
[SourceVersionDate "2022.05.31"]
[SourceQuality "1"]

1. Nf3 Nf6 2. d4 g6 3. c4 Bg7 4. Nc3 b6 5. Bg5 Bb7 6. e3 0-0 7. Be2 c5 8. d5 d6 9. 0-0 Nbd7 10. Nd2 a6 11. a4 e5 12. a5 h6 13. Bh4 bxa5 14. Nb3 Rb8 15. Nxa5 Ba8 16. Nc6 Bxc6 17. dxc6 Nb6 18. Rxa6 Qc8 19. Rxb6 Rxb6 20. Bxf6 Bxf6 21. Nd5 Bd8 22. c7 Rxb2 23. cxd8Q Qxd8 24. Bf3 f5 25. e4 Qh4 26. Nc3 Qf6 27. Qc1 Rb3 28. Bd1 Rb4 29. Nd5 Qh4 30. Nxb4 cxb4 31. exf5 gxf5 32. Qd2 Qxc4 33. Qxd6 Qc3 34. Qg6+ Kh8 35. Qxh6+ Kg8 36. Qe6+ Kg7 37. Bb3 Rf6 38. Qe7+ Kg6 39. Bg8 b3 40. Bh7+ Kg5 41. h4+ Kf4 42. Qxf6 Qd3 43. Qg5+ Ke4 44. Qxf5+ 1-0

[Event "Titled Tuesday intern op 11th Jan"]
[Site "Chess.com INT"]
[Date "2022.01.11"]
[Round "1"]
[White "Martin, Lewis"]
[Black "Kim, Yoon Young"]
[Result "0-1"]
[WhiteElo "2196"]
[BlackElo "2321"]
[PlyCount "158"]
[EventDate "2022.01.11"]
[EventType "swiss (blitz)"]
[EventRounds "11"]
[EventCountry "USA"]
[SourceTitle "CBM 206 Extra"]
[Source "ChessBase"]
[SourceDate "2022.03.31"]
[SourceVersion "1"]
[SourceVersionDate "2022.03.31"]
[SourceQuality "1"]

1. e4 e5 2. Nf3 Nc6 3. Bb5 a6 4. Ba4 Nf6 5. 0-0 b5 6. Bb3 Bc5 7. d3 0-0 8. c3 d6 9. Nbd2 h6 10. h3 Bb6 11. Re1 Ne7 12. Nf1 Ng6 13. Ng3 Re8 14. d4 Bb7 15. d5 c6 16. Nf5 cxd5 17. exd5 Qd7 18. g4 e4 19. N3d4 Ne5 20. Kg2 Nxd5 21. Bxd5 Bxd5 22. Be3 Rad8 23. Qd2 Nc4 24. Qc1 Nxe3+ 25. Rxe3 Be6 26. Rg3 Bxd4 27. Nxd4 Bd5 28. Qe3 Qe7 29. Kh2 Qg5 30. Rag1 Qxe3 31. Rxe3 g6 32. a3 Kg7 33. h4 Re5 34. Kg3 h5 35. g5 Bb7 36. Rd1 f6 37. gxf6+ Kxf6 38. Rd2 Rf8 39. Nb3 Ke7 40. Na5 Ba8 41. c4 Rf3+ 42. Rxf3 exf3 43. cxb5 axb5 44. Nb3 Re4 45. Rd4 Re2 46. Nd2 Re1 47. b4 Rg1+ 48. Kf4 Rg4+ 49. Ke3 Rg1 50. Nxf3 Ra1 51. Ng5 Rxa3+ 52. Kf4 Ra2 53. f3 Rh2 54. Kg3 Rc2 55. Ne4 Rc4 56. Rxd6 Bxe4 57. Ra6 Rc3 58. Ra7+ Ke6 59. Kf4 Bxf3 60. Ra6+ Rc6 61. Ra5 Be2 62. Ra8 Bc4 63. Kg5 Bd3 64. Re8+ Kd7 65. Re3 Bf5 66. Re1 Rc4 67. Kf6 Rxb4 68. Rd1+ Kc6 69. Rc1+ Rc4 70. Rg1 Kc5 71. Rg5 b4 72. Rxf5+ gxf5 73. Kxf5 b3 74. Kg5 b2 75. Kxh5 b1Q 76. Kg5 Qh7 77. h5 Rd4 78. h6 Rd5+ 79. Kh4 Qxh6+ 0-1

[Event "Titled Tuesday intern op 04th Jan"]
[Site "Chess.com INT"]
[Date "2022.01.04"]
[Round "3"]
[White "Kim, Yoon Young"]
[Black "Milosevic, Milos"]
[Result "1/2-1/2"]
[WhiteElo "2321"]
[BlackElo "2296"]
[PlyCount "128"]
[EventDate "2022.01.04"]
[EventType "swiss (blitz)"]
[EventRounds "11"]
[EventCountry "USA"]
[SourceTitle "EXT 2023"]
[Source "ChessBase"]
[SourceDate "2022.10.05"]
[SourceVersion "1"]
[SourceVersionDate "2022.10.05"]
[SourceQuality "1"]

1. d4 Nf6 2. c4 g6 3. Nf3 Bg7 4. Nc3 d5 5. cxd5 Nxd5 6. e4 Nxc3 7. bxc3 c5 8. Be3 cxd4 9. cxd4 0-0 10. Rc1 Qa5+ 11. Qd2 Qxd2+ 12. Bxd2 Bg4 13. Ne5 Be6 14. a4 Bxe5 15. dxe5 Nc6 16. f4 Nd4 17. Rc7 Rfd8 18. Be3 Rac8 19. Rxc8 Bxc8 20. Bd3 b6 21. Kd2 Bb7 22. Kc3 Ne6 23. f5 Rc8+ 24. Kd2 Nc5 25. Bxc5 Rxc5 26. e6 fxe6 27. fxg6 hxg6 28. Ke3 e5 29. h4 Rc3 30. Kd2 Ra3 31. Bc2 Bc6 32. Kc1 Rg3 33. h5 g5 34. h6 Rxg2 35. Bb3+ Kh7 36. Be6 Bxe4 37. Re1 Bg6 38. Rxe5 Kxh6 39. Kd1 Bc2+ 40. Ke1 Bxa4 41. Bc4 Rg4 42. Re6+ Kg7 43. Be2 Rf4 44. Rxe7+ Kf8 45. Rxa7 Be8 46. Ra8 Re4 47. Rb8 b5 48. Kf2 Re5 49. Bh5 Rf5+ 50. Kg3 Re5 51. Kg4 b4 52. Bxe8 Rxe8 53. Rxb4 Kg7 54. Kxg5 Re5+ 55. Kf4 Re7 56. Rb6 Rf7+ 57. Kg5 Kf8 58. Ra6 Rf1 59. Kg6 Rg1+ 60. Kf6 Rf1+ 61. Ke5 Re1+ 62. Kf4 Rf1+ 63. Ke3 Re1+ 64. Kf2 Re7 1/2-1/2

[Event "Titled Tuesday intern op 17th Aug"]
[Site "Chess.com INT"]
[Date "2021.08.17"]
[Round "2"]
[White "Dahanayake, Isara Banidu"]
[Black "Kim, Yoon Young"]
[Result "1-0"]
[WhiteElo "1721"]
[BlackElo "2321"]
[PlyCount "65"]
[EventDate "2021.08.17"]
[EventType "swiss (blitz)"]
[EventRounds "11"]
[EventCountry "USA"]
[SourceTitle "EXT 2022"]
[Source "ChessBase"]
[SourceDate "2021.10.06"]
[SourceVersion "1"]
[SourceVersionDate "2021.10.06"]
[SourceQuality "1"]

1. e4 e5 2. Nf3 Nc6 3. Bb5 a6 4. Ba4 Nf6 5. d3 b5 6. Bb3 Bc5 7. 0-0 d6 8. a4 Rb8 9. Nc3 Bg4 10. Be3 Nd4 11. Bxd4 Bxd4 12. h3 Bh5 13. g4 Bxc3 14. bxc3 Bg6 15. Qe2 0-0 16. Nh4 Nd7 17. Nxg6 hxg6 18. f4 Nc5 19. axb5 axb5 20. Bd5 Qh4 21. Qg2 Qe7 22. f5 Kh7 23. g5 gxf5 24. exf5 e4 25. g6+ Kh6 26. dxe4 Qg5 27. Qxg5+ Kxg5 28. gxf7 Rb6 29. Rf2 c6 30. Rg2+ Kf6 31. Ba2 g5 32. fxg6 Nxe4 33. g7 1-0

[Event "Titled Tuesday intern op 20th July"]
[Site "Chess.com INT"]
[Date "2021.07.20"]
[Round "2"]
[White "Rama, Tejas"]
[Black "Kim, Yoon Young"]
[Result "0-1"]
[WhiteElo "2151"]
[BlackElo "2321"]
[PlyCount "79"]
[EventDate "2021.07.20"]
[EventType "swiss (blitz)"]
[EventRounds "11"]
[EventCountry "USA"]
[SourceTitle "CBM 203 Extra"]
[Source "ChessBase"]
[SourceDate "2021.09.30"]
[SourceVersion "1"]
[SourceVersionDate "2021.09.30"]
[SourceQuality "1"]

1. d4 Nf6 2. c4 e6 3. Nc3 Bb4 4. e3 d5 5. Nge2 c6 6. a3 Ba5 7. b4 Bc7 8. Bb2 Nbd7 9. Ng3 dxc4 10. Bxc4 e5 11. d5 Nb6 12. Bb3 cxd5 13. a4 Bg4 14. Qd2 0-0 15. 0-0 Nc4 16. Bxc4 dxc4 17. Qc2 Qd3 18. Rac1 Qxc2 19. Rxc2 Rac8 20. Rfc1 a6 21. b5 Be6 22. Nb1 axb5 23. axb5 Rfd8 24. Na3 Nd5 25. Nxc4 Nb4 26. Rd2 Nd3 27. Rcc2 Bb8 28. Nb6 Rxc2 29. Rxc2 f5 30. Nf1 e4 31. Bd4 f4 32. Nd2 Bf5 33. Ndc4 f3 34. gxf3 exf3 35. Nd2 Nxf2 36. Kxf2 Bxc2 37. Nxf3 Bd3 38. Ne5 Bxb5 39. Kg3 Re8 40. Nd5 0-1